[Event "DVM U12 2023"]
[Site "Magdeburg GER"]
[Date "2023.12.30"]
[Round "7"]
[White "Zargaran, Sepas"]
[Black "Retzlaff, Nick"]
[Result "1-0"]
[Termination "normal"]
[Board "1.2"]
[WhiteElo "1636"]
[BlackElo "1527"]
[WhiteClock "00:57:16"]
[BlackClock "00:29:48"]
[WhiteTeam "VSG 1880 Offenbach"]
[BlackTeam "SF 59 Kornwestheim"]
[PlyCount "96"]
[WhiteFideId "34625275"]
[BlackFideId "34610367"]
[EventCountry "GER"]
[EventRounds "7"]
[EventType "team-swiss"]
[EventDate "2023.12.26"]

1. e4 {[%clk 01:30:58]} {[%emt 00:00:01]} c5 {[%clk 01:30:51]} {[%emt
00:00:09]} 2. d4 {[%clk 01:31:22]} {[%emt 00:00:06]} cxd4 {[%clk 01:31:08]}
{[%emt 00:00:12]} 3. c3 {[%clk 01:31:47]} {[%emt 00:00:06]} Nf6 {[%clk
01:31:16]} {[%emt 00:00:22]} 4. e5 {[%clk 01:27:10]} {[%emt 00:05:07]} Nd5
{[%clk 01:30:42]} {[%emt 00:01:04]} 5. Nf3 {[%clk 01:27:20]} {[%emt 00:00:20]}
Nc6 {[%clk 01:29:15]} {[%emt 00:01:57]} 6. cxd4 {[%clk 01:27:06]} {[%emt
00:00:44]} d6 {[%clk 01:28:41]} {[%emt 00:01:04]} 7. Bc4 {[%clk 01:24:21]}
{[%emt 00:03:11]} Nb6 {[%clk 01:21:09]} {[%emt 00:08:07]} 8. Bb3 {[%clk
01:24:33]} {[%emt 00:00:17]} e6 {[%clk 01:18:38]} {[%emt 00:03:02]} 9. O-O
{[%clk 01:22:37]} {[%emt 00:02:24]} dxe5 {[%clk 01:09:50]} {[%emt 00:09:20]}
10. dxe5 {[%clk 01:21:40]} {[%emt 00:01:27]} Qc7 {[%clk 01:08:26]} {[%emt
00:01:54]} 11. Bg5 {[%clk 01:18:38]} {[%emt 00:03:30]} Be7 {[%clk 01:04:19]}
{[%emt 00:04:38]} 12. Bxe7 {[%clk 01:18:52]} {[%emt 00:00:17]} Qxe7 {[%clk
01:01:40]} {[%emt 00:03:08]} 13. Nc3 {[%clk 01:19:03]} {[%emt 00:00:19]} O-O
{[%clk 00:52:12]} {[%emt 00:09:58]} 14. Qe2 {[%clk 01:14:08]} {[%emt 00:05:24]}
Nd7 {[%clk 00:44:50]} {[%emt 00:07:53]} 15. Rfd1 {[%clk 01:11:33]} {[%emt
00:03:04]} Nc5 {[%clk 00:39:37]} {[%emt 00:05:44]} 16. Bc2 {[%clk 01:09:31]}
{[%emt 00:02:30]} f6 {[%clk 00:36:05]} {[%emt 00:04:04]} 17. exf6 {[%clk
01:09:39]} {[%emt 00:00:23]} Qxf6 {[%clk 00:35:50]} {[%emt 00:00:44]} 18. Ne4
{[%clk 01:08:47]} {[%emt 00:01:22]} Nxe4 {[%clk 00:35:47]} {[%emt 00:00:32]}
19. Qxe4 {[%clk 01:09:10]} {[%emt 00:00:07]} Qf5 {[%clk 00:30:27]} {[%emt
00:05:50]} 20. Qe2 {[%clk 01:06:46]} {[%emt 00:02:54]} Qf6 {[%clk 00:30:10]}
{[%emt 00:00:48]} 21. Rd6 {[%clk 01:05:53]} {[%emt 00:01:20]} Nd8 {[%clk
00:25:31]} {[%emt 00:05:12]} 22. Bb3 {[%clk 01:05:41]} {[%emt 00:00:42]} Nf7
{[%clk 00:23:21]} {[%emt 00:02:40]} 23. Rd2 {[%clk 01:02:56]} {[%emt 00:03:14]}
Re8 {[%clk 00:20:05]} {[%emt 00:03:46]} 24. Re1 {[%clk 01:00:53]} {[%emt
00:02:32]} a5 {[%clk 00:19:13]} {[%emt 00:01:24]} 25. Qb5 {[%clk 00:57:59]}
{[%emt 00:03:22]} Re7 {[%clk 00:17:07]} {[%emt 00:02:38]} 26. Red1 {[%clk
00:55:58]} {[%emt 00:02:30]} h6 {[%clk 00:16:14]} {[%emt 00:01:23]} 27. Re2
{[%clk 00:55:17]} {[%emt 00:01:07]} Ra6 {[%clk 00:15:33]} {[%emt 00:01:16]} 28.
Rde1 {[%clk 00:55:18]} {[%emt 00:00:28]} Nd6 {[%clk 00:15:01]} {[%emt
00:01:03]} 29. Qd3 {[%clk 00:52:58]} {[%emt 00:02:46]} Nf7 {[%clk 00:14:46]}
{[%emt 00:00:50]} 30. Ne5 {[%clk 00:52:19]} {[%emt 00:01:09]} Nxe5 {[%clk
00:14:10]} {[%emt 00:01:06]} 31. Rxe5 {[%emt 00:00:07]} Rf7 {[%clk 00:14:05]}
{[%emt 00:00:33]} 32. f3 {[%clk 00:52:26]} {[%emt 00:00:47]} a4 {[%clk
00:12:41]} {[%emt 00:01:53]} 33. Bc4 {[%clk 00:52:33]} {[%emt 00:00:23]} Rc6
{[%clk 00:12:36]} {[%emt 00:00:35]} 34. b3 {[%clk 00:52:40]} {[%emt 00:00:23]}
axb3 {[%clk 00:12:02]} {[%emt 00:01:05]} 35. axb3 {[%clk 00:53:02]} {[%emt
00:00:08]} Qe7 {[%clk 00:07:57]} {[%emt 00:04:35]} 36. Qe3 {[%clk 00:51:05]}
{[%emt 00:02:23]} Rf6 {[%clk 00:08:04]} {[%emt 00:00:26]} 37. f4 {[%clk
00:50:00]} {[%emt 00:01:35]} Qb4 {[%clk 00:07:32]} {[%emt 00:01:03]} 38. f5
{[%clk 00:49:36]} {[%emt 00:00:55]} Kf7 {[%clk 00:06:14]} {[%emt 00:01:47]} 39.
fxe6+ {[%clk 00:49:09]} {[%emt 00:00:57]} Ke7 {[%clk 00:06:22]} {[%emt
00:00:22]} 40. Qg3 {[%clk 00:47:20]} {[%emt 00:02:19]} g5 {[%clk 00:06:16]}
{[%emt 00:00:37]} 41. Qd3 {[%emt 00:01:03]} Bxe6 {[%clk 00:05:36]} {[%emt
00:01:08]} 42. Qh7+ {[%clk 00:30:14]} {[%emt 00:17:04]} Kd8 {[%clk 00:04:01]}
{[%emt 00:02:06]} 43. Qh8+ {[%clk 00:29:44]} {[%emt 00:01:00]} Rf8 {[%clk
00:04:13]} {[%emt 00:00:17]} 44. Qxh6 {[%clk 00:28:10]} {[%emt 00:02:02]} Qb6+
{[%clk 00:01:17]} {[%emt 00:03:29]} 45. Kh1 {[%clk 00:28:16]} {[%emt 00:00:24]}
Qf2 {[%clk 00:00:32]} {[%emt 00:01:14]} 46. Rxe6 {[%emt 00:01:45]} Rxc4 {[%clk
00:30:05]} {[%emt 00:00:57]} 47. Re8+ {[%clk 00:56:58]} {[%emt 00:00:35]} Rxe8
{[%clk 00:29:48]} {[%emt 00:00:47]} 48. Qd6+ {[%clk 00:57:16]} {[%emt
00:00:13]} Qb6 {[%emt 00:00:32]} 1-0

[Event "DVM U12 2023"]
[Site "Magdeburg GER"]
[Date "2023.12.30"]
[Round "7"]
[White "Tu, Audrey"]
[Black "Papadopoulos, Kyriakos"]
[Result "1-0"]
[Termination "normal"]
[Board "1.3"]
[WhiteElo "1369"]
[BlackElo "1465"]
[WhiteClock "01:18:22"]
[BlackClock "01:20:53"]
[WhiteTeam "SF 59 Kornwestheim"]
[BlackTeam "VSG 1880 Offenbach"]
[PlyCount "26"]
[WhiteFideId "34628568"]
[BlackFideId "34630732"]
[EventCountry "GER"]
[EventRounds "7"]
[EventType "team-swiss"]
[EventDate "2023.12.26"]

1. e4 e5 2. Nf3 Nc6 3. Bb5 a6 4. Ba4 b5 5. Bb3 Nf6 6. d3 d6 7. c3 {[%clk
01:18:22]} Be7 {[%clk 01:20:53]} 8. Nbd2 {[%clk 01:18:22]} h6 {[%clk 01:20:53]}
9. O-O {[%clk 01:18:22]} O-O {[%clk 01:20:53]} 10. Re1 {[%clk 01:18:22]} Be6
{[%clk 01:20:53]} 11. Bc2 {[%clk 01:18:22]} b4 {[%clk 01:20:53]} 12. d4 {[%clk
01:18:22]} bxc3 {[%clk 01:20:53]} 13. bxc3 {[%clk 01:18:22]} Bg4 {[%clk
01:20:53]} 1-0

[Event "DVM U12 2023"]
[Site "Magdeburg GER"]
[Date "2023.12.30"]
[Round "7"]
[White "Kollmer, Otto"]
[Black "Hasanovic, Arian"]
[Result "0-1"]
[Termination "normal"]
[Board "1.4"]
[WhiteElo "1029"]
[BlackElo "1339"]
[WhiteClock "01:14:16"]
[BlackClock "00:57:45"]
[WhiteTeam "VSG 1880 Offenbach"]
[BlackTeam "SF 59 Kornwestheim"]
[PlyCount "46"]
[WhiteFideId "34660712"]
[BlackFideId "34610391"]
[EventCountry "GER"]
[EventRounds "7"]
[EventType "team-swiss"]
[EventDate "2023.12.26"]

1. e4 {[%clk 01:30:59]} {[%emt 12:49:27]} e5 {[%clk 01:30:55]} {[%emt
00:00:05]} 2. Nf3 {[%clk 01:31:24]} {[%emt 00:00:06]} Nc6 {[%clk 01:31:15]}
{[%emt 00:00:10]} 3. d4 {[%clk 01:31:49]} {[%emt 00:00:05]} exd4 {[%clk
01:31:39]} {[%emt 00:00:06]} 4. Nxd4 {[%clk 01:32:13]} {[%emt 00:00:05]} Bc5
{[%clk 01:32:04]} {[%emt 00:00:06]} 5. Be3 {[%clk 01:32:34]} {[%emt 00:00:08]}
Qf6 {[%clk 01:30:59]} {[%emt 00:01:31]} 6. Nxc6 {[%clk 01:31:18]} {[%emt
00:01:51]} Bxe3 {[%clk 01:30:51]} {[%emt 00:00:37]} 7. fxe3 {[%clk 01:31:01]}
{[%emt 00:00:47]} bxc6 {[%clk 01:30:47]} {[%emt 00:00:35]} 8. Qd4 {[%clk
01:28:48]} {[%emt 00:02:43]} c5 {[%clk 01:19:49]} {[%emt 00:11:26]} 9. Qc3
{[%clk 01:26:20]} {[%emt 00:02:59]} Qh4+ {[%clk 01:11:09]} {[%emt 00:09:10]}
10. Kd2 {[%clk 01:22:13]} {[%emt 00:04:38]} Nf6 {[%clk 01:01:58]} {[%emt
00:09:41]} 11. Qe5+ {[%clk 01:17:00]} {[%emt 00:05:43]} Kd8 {[%clk 01:01:08]}
{[%emt 00:01:19]} 12. Bd3 {[%clk 01:16:00]} {[%emt 00:01:30]} Re8 {[%clk
00:57:45]} {[%emt 00:03:54]} 13. Qxc5 {[%clk 01:14:16]} {[%emt 00:02:14]} Nxe4+
14. Bxe4 {[%clk 01:14:16]} Qxe4 15. Rg1 {[%clk 01:14:16]} Re5 16. Nc3 {[%clk
01:14:16]} Qf5 17. Qf8+ {[%clk 01:14:16]} Re8 18. Qxg7 {[%clk 01:14:16]} Qf2+
19. Kd3 {[%clk 01:14:16]} Ba6+ 20. Nb5 {[%clk 01:14:16]} Bxb5+ 21. c4 {[%clk
01:14:16]} Rxe3+ 22. Kd4 {[%clk 01:14:16]} Qf4+ 23. Kc5 {[%clk 01:14:16]} Qxc4#
0-1

[Event "DVM U12 2023"]
[Site "Magdeburg GER"]
[Date "2023.12.30"]
[Round "7"]
[White "Rodriguez Klasen, Ennio"]
[Black "Nguyen, Thanh An"]
[Result "1-0"]
[Termination "normal"]
[Board "2.1"]
[WhiteElo "1622"]
[BlackElo "1577"]
[WhiteClock "00:28:34"]
[BlackClock "00:56:31"]
[WhiteTeam "SV Empor Berlin"]
[BlackTeam "SV Dresden-Striesen 1990"]
[PlyCount "88"]
[WhiteFideId "16277414"]
[BlackFideId "34627804"]
[EventCountry "GER"]
[EventRounds "7"]
[EventType "team-swiss"]
[EventDate "2023.12.26"]

1. e4 {[%clk 01:30:38]} {[%emt 00:00:21]} c6 {[%clk 01:30:43]} {[%emt
00:00:18]} 2. Nf3 {[%clk 01:30:30]} {[%emt 00:00:37]} d5 {[%clk 01:31:08]}
{[%emt 00:00:05]} 3. exd5 {[%clk 01:30:41]} {[%emt 00:00:20]} cxd5 {[%clk
01:31:31]} {[%emt 00:00:07]} 4. Ne5 {[%clk 01:30:59]} {[%emt 00:00:11]} Nf6
{[%clk 01:30:32]} {[%emt 00:01:28]} 5. d4 {[%clk 01:30:59]} {[%emt 00:00:32]}
Nc6 {[%clk 01:30:51]} {[%emt 00:00:11]} 6. Bb5 {[%clk 01:30:58]} {[%emt
00:00:31]} Bd7 {[%clk 01:30:34]} {[%emt 00:00:47]} 7. Bxc6 {[%clk 01:31:04]}
{[%emt 00:00:24]} bxc6 {[%clk 01:30:55]} {[%emt 00:00:10]} 8. c3 {[%clk
01:30:51]} {[%emt 00:00:43]} e6 {[%clk 01:30:56]} {[%emt 00:00:29]} 9. O-O
{[%clk 01:30:52]} {[%emt 00:00:28]} Bd6 {[%clk 01:29:35]} {[%emt 00:01:51]} 10.
f4 {[%clk 01:30:56]} {[%emt 00:00:25]} Ne4 {[%clk 01:24:27]} {[%emt 00:05:39]}
11. Nd2 {[%clk 01:19:43]} {[%emt 00:11:43]} O-O {[%clk 01:22:51]} {[%emt
00:02:07]} 12. Qe2 {[%clk 00:50:48]} {[%emt 00:29:25]} f5 {[%clk 01:20:31]}
{[%emt 00:02:51]} 13. Nxe4 {[%clk 00:48:58]} {[%emt 00:02:19]} dxe4 {[%clk
01:20:39]} {[%emt 00:00:23]} 14. Be3 {[%clk 00:45:27]} {[%emt 00:04:00]} Rf6
{[%clk 01:18:49]} {[%emt 00:02:20]} 15. h3 {[%clk 00:41:38]} {[%emt 00:04:18]}
Bxe5 {[%clk 01:18:29]} {[%emt 00:00:52]} 16. dxe5 {[%clk 00:41:40]} {[%emt
00:00:28]} Rg6 {[%clk 01:18:38]} {[%emt 00:00:21]} 17. Qf2 {[%clk 00:37:36]}
{[%emt 00:04:32]} a5 {[%clk 01:07:19]} {[%emt 00:11:50]} 18. Rfd1 {[%clk
00:33:56]} {[%emt 00:04:09]} Qe8 {[%clk 01:06:53]} {[%emt 00:00:57]} 19. Bb6
{[%clk 00:32:30]} {[%emt 00:01:56]} c5 {[%clk 00:57:34]} {[%emt 00:09:49]} 20.
Qe3 {[%clk 00:16:36]} {[%emt 00:16:24]} c4 {[%clk 00:48:51]} {[%emt 00:09:13]}
21. Rd4 {[%clk 00:11:27]} {[%emt 00:05:39]} Ra6 {[%clk 00:43:25]} {[%emt
00:05:56]} 22. Rd6 {[%clk 00:08:27]} {[%emt 00:03:31]} Qb8 {[%clk 00:36:51]}
{[%emt 00:07:03]} 23. Rad1 {[%clk 00:07:32]} {[%emt 00:01:24]} h6 {[%clk
00:36:44]} {[%emt 00:00:38]} 24. R1d2 {[%clk 00:03:36]} {[%emt 00:04:26]} Kh7
{[%clk 00:35:52]} {[%emt 00:01:23]} 25. Kh2 {[%clk 00:02:09]} {[%emt 00:01:57]}
Qb7 {[%clk 00:34:17]} {[%emt 00:02:06]} 26. Rxd7 {[%clk 00:00:45]} {[%emt
00:01:54]} Qxb6 {[%clk 00:34:26]} {[%emt 00:00:21]} 27. Qxb6 {[%clk 00:00:57]}
{[%emt 00:00:16]} Rxb6 {[%clk 00:34:52]} {[%emt 00:00:05]} 28. R7d6 {[%clk
00:00:37]} {[%emt 00:00:51]} Rb5 {[%clk 00:33:54]} {[%emt 00:01:27]} 29. a4
{[%clk 00:00:35]} {[%emt 00:00:32]} Rc5 {[%clk 00:33:57]} {[%emt 00:00:29]} 30.
g3 {[%clk 00:00:39]} {[%emt 00:00:24]} h5 {[%clk 00:34:00]} {[%emt 00:00:27]}
31. h4 {[%clk 00:01:00]} {[%emt 00:00:10]} Kh6 {[%clk 00:30:23]} {[%emt
00:04:08]} 32. Kg2 {[%clk 00:00:50]} {[%emt 00:00:39]} Kh7 {[%clk 00:30:45]}
{[%emt 00:00:08]} 33. Rd8 {[%clk 00:00:45]} {[%emt 00:00:35]} Rh6 {[%clk
00:29:01]} {[%emt 00:02:15]} 34. R2d7 {[%clk 00:00:47]} {[%emt 00:00:28]} Rg6
{[%clk 00:28:05]} {[%emt 00:01:26]} 35. Rd6 {[%clk 00:00:40]} {[%emt 00:00:36]}
e3 {[%clk 00:24:58]} {[%emt 00:03:37]} 36. Rd1 {[%clk 00:00:40]} {[%emt
00:00:31]} Rd5 {[%clk 00:25:20]} {[%emt 00:00:09]} 37. R8xd5 {[%clk 00:00:49]}
{[%emt 00:00:20]} exd5 {[%clk 00:25:41]} {[%emt 00:00:09]} 38. Re1 {[%clk
00:00:47]} {[%emt 00:00:33]} Rb6 {[%clk 00:25:18]} {[%emt 00:00:53]} 39. Re2
{[%clk 00:01:06]} {[%emt 00:00:11]} Kg6 {[%clk 00:25:43]} {[%emt 00:00:05]} 40.
Kf3 {[%clk 00:01:31]} {[%emt 00:00:04]} Kf7 {[%clk 00:26:10]} {[%emt 00:00:05]}
41. Kxe3 {[%clk 00:00:57]} {[%emt 00:01:03]} Ke6 {[%clk 00:25:47]} {[%emt
00:00:52]} 42. Kd4 {[%clk 00:29:40]} {[%emt 00:01:48]} Rc6 {[%clk 00:56:09]}
{[%emt 00:00:08]} 43. Re1 {[%clk 00:29:01]} {[%emt 00:01:09]} g6 {[%clk
00:56:09]} {[%emt 00:00:30]} 44. Rb1 {[%clk 00:28:34]} {[%emt 00:00:54]} Rc8
{[%clk 00:56:31]} {[%emt 00:00:09]} 1-0

[Event "DVM U12 2023"]
[Site "Magdeburg GER"]
[Date "2023.12.30"]
[Round "7"]
[White "Thoms, Eric"]
[Black "Müller, Anker"]
[Result "1/2-1/2"]
[Termination "normal"]
[Board "2.2"]
[WhiteElo "1297"]
[BlackElo "1548"]
[WhiteClock "01:20:29"]
[BlackClock "00:09:49"]
[WhiteTeam "SV Dresden-Striesen 1990"]
[BlackTeam "SV Empor Berlin"]
[PlyCount "66"]
[WhiteFideId "34623450"]
[BlackFideId "1472070"]
[EventCountry "GER"]
[EventRounds "7"]
[EventType "team-swiss"]
[EventDate "2023.12.26"]

1. e4 {[%clk 01:30:58]} {[%emt 00:00:01]} c6 {[%clk 01:30:27]} {[%emt
00:00:34]} 2. d4 {[%clk 01:31:23]} {[%emt 00:00:06]} d5 {[%clk 01:30:48]}
{[%emt 00:00:09]} 3. exd5 {[%clk 01:31:46]} {[%emt 00:00:07]} cxd5 {[%clk
01:31:12]} {[%emt 00:00:05]} 4. Bd3 {[%clk 01:32:07]} {[%emt 00:00:09]} Nc6
{[%clk 01:31:33]} {[%emt 00:00:09]} 5. c3 {[%clk 01:32:31]} {[%emt 00:00:06]}
Nf6 {[%clk 01:31:39]} {[%emt 00:00:24]} 6. h3 {[%clk 01:32:52]} {[%emt
00:00:09]} g6 {[%clk 01:31:28]} {[%emt 00:00:41]} 7. Nf3 {[%clk 01:33:15]}
{[%emt 00:00:06]} Bf5 {[%clk 01:30:46]} {[%emt 00:01:11]} 8. Bxf5 {[%clk
01:31:04]} {[%emt 00:02:42]} gxf5 {[%clk 01:31:09]} {[%emt 00:00:08]} 9. Bf4
{[%clk 01:31:23]} {[%emt 00:00:11]} Qb6 {[%clk 01:28:31]} {[%emt 00:03:08]} 10.
Qb3 {[%clk 01:29:46]} {[%emt 00:02:07]} Qxb3 {[%clk 01:27:46]} {[%emt
00:01:15]} 11. axb3 {[%clk 01:30:04]} {[%emt 00:00:11]} e6 {[%clk 01:26:29]}
{[%emt 00:01:47]} 12. Nbd2 {[%clk 01:29:33]} {[%emt 00:01:02]} Rg8 {[%clk
01:25:02]} {[%emt 00:01:56]} 13. O-O {[%clk 01:27:48]} {[%emt 00:02:15]} Nh5
{[%clk 01:23:59]} {[%emt 00:01:33]} 14. Bh2 {[%clk 01:26:53]} {[%emt 00:01:25]}
Bh6 {[%clk 01:20:53]} {[%emt 00:03:36]} 15. Rfe1 {[%clk 01:26:05]} {[%emt
00:01:18]} O-O-O {[%clk 01:15:06]} {[%emt 00:06:17]} 16. Nf1 {[%clk 01:25:56]}
{[%emt 00:00:40]} Bf4 {[%clk 01:11:50]} {[%emt 00:03:47]} 17. Bxf4 {[%clk
01:24:45]} {[%emt 00:01:41]} Nxf4 {[%clk 01:12:07]} {[%emt 00:00:12]} 18. Ng3
{[%clk 01:25:08]} {[%emt 00:00:07]} h5 {[%clk 01:07:20]} {[%emt 00:05:17]} 19.
Kh1 {[%clk 01:22:16]} {[%emt 00:03:21]} Nxg2 {[%clk 01:05:12]} {[%emt
00:02:37]} 20. Kxg2 {[%clk 01:22:16]} {[%emt 00:00:30]} f4 {[%clk 01:05:38]}
{[%emt 00:00:05]} 21. Kh2 {[%clk 01:21:47]} {[%emt 00:00:59]} fxg3+ {[%clk
01:04:44]} {[%emt 00:01:24]} 22. fxg3 {[%clk 01:22:07]} {[%emt 00:00:10]} Rg7
{[%clk 01:01:33]} {[%emt 00:03:40]} 23. Ne5 {[%clk 01:21:56]} {[%emt 00:00:41]}
Nxe5 {[%clk 00:55:26]} {[%emt 00:06:37]} 24. Rxe5 {[%clk 01:22:17]} {[%emt
00:00:09]} Rdg8 {[%clk 00:55:47]} {[%emt 00:00:10]} 25. Re3 {[%clk 01:21:01]}
{[%emt 00:01:46]} h4 {[%clk 00:48:25]} {[%emt 00:07:53]} 26. g4 {[%clk
01:21:16]} {[%emt 00:00:14]} a6 {[%clk 00:44:54]} {[%emt 00:04:00]} 27. Rf1
{[%clk 01:21:32]} {[%emt 00:00:14]} f5 {[%clk 00:42:29]} {[%emt 00:02:56]} 28.
Rxe6 {[%clk 01:19:42]} {[%emt 00:02:20]} fxg4 {[%clk 00:41:38]} {[%emt
00:01:21]} 29. hxg4 {[%clk 01:19:58]} {[%emt 00:00:15]} Rxg4 {[%clk 00:42:03]}
{[%emt 00:00:05]} 30. Rf2 {[%clk 01:19:56]} {[%emt 00:00:31]} Kd7 {[%clk
00:16:28]} {[%emt 00:26:05]} 31. Ref6 {[%clk 01:20:17]} {[%emt 00:00:09]} R8g7
{[%clk 00:10:05]} {[%emt 00:06:53]} 32. Rf7+ {[%clk 01:20:07]} {[%emt
00:00:40]} Rxf7 {[%clk 00:09:49]} {[%emt 00:00:46]} 33. Rxf7+ {[%clk 01:20:29]}
{[%emt 00:00:07]} Kc6 {[%emt 00:01:04]} 1/2-1/2

[Event "DVM U12 2023"]
[Site "Magdeburg GER"]
[Date "2023.12.30"]
[Round "7"]
[White "Gundermann, Mika Oleg"]
[Black "Jahn, Gustav"]
[Result "0-1"]
[Termination "normal"]
[Board "2.3"]
[WhiteElo "1636"]
[BlackElo "1304"]
[WhiteTeam "SV Empor Berlin"]
[BlackTeam "SV Dresden-Striesen 1990"]
[PlyCount "34"]
[WhiteFideId "34606513"]
[BlackFideId "34666605"]
[EventCountry "GER"]
[EventRounds "7"]
[EventType "team-swiss"]
[EventDate "2023.12.26"]

1. d4 Nf6 2. Nc3 d5 3. Bf4 c5 4. e3 Bf5 5. Nf3 a6 6. Bd3 Bg6 7. O-O e6 8. Ng5
Bxd3 9. Qxd3 Nbd7 10. Rfd1 Be7 11. e4 cxd4 12. Qxd4 Bc5 13. Qd3 Ne5 14. Bxe5
Bxf2+ 15. Kxf2 Ng4+ 16. Kg1 Nxe5 17. Qd4 Qxg5 0-1

[Event "DVM U12 2023"]
[Site "Magdeburg GER"]
[Date "2023.12.30"]
[Round "7"]
[White "Xu, Wanghan"]
[Black "Mlynarski, Milosz"]
[Result "0-1"]
[Termination "normal"]
[Board "2.4"]
[WhiteElo "1275"]
[BlackElo "1426"]
[WhiteTeam "SV Dresden-Striesen 1990"]
[BlackTeam "SV Empor Berlin"]
[PlyCount "56"]
[WhiteFideId "34608745"]
[BlackFideId "34636854"]
[EventCountry "GER"]
[EventRounds "7"]
[EventType "team-swiss"]
[EventDate "2023.12.26"]

1. Nf3 d5 2. e3 e6 3. c4 Nf6 4. Nc3 Be7 5. cxd5 exd5 6. d4 O-O 7. Bd3 b6 8. O-O
Bb7 9. b3 Nbd7 10. Bb2 a6 11. Rc1 Bd6 12. h3 Re8 13. Qc2 Rc8 14. Qe2 Ra8 15.
Rfe1 h6 16. a3 c5 17. Qd2 Ne4 18. Qd1 Re6 19. Bxe4 dxe4 20. d5 exf3 21. dxe6
Qg5 22. exf7+ Kh8 23. g4 Qe5 24. Qxd6 Qxd6 25. Rcd1 Qe7 26. e4 Qh4 27. Kh2
Qxf2+ 28. Kh1 Qg2# 0-1